| 000 | 00458nam a2200169Ia 4500 | ||
|---|---|---|---|
| 008 | 210210b2004 xxu||||| |||| 00| 0 eng d | ||
| 020 | _a81 203 2038 7 | ||
| 082 | _a370.15 MANA | ||
| 100 | _aMANGAL (S K). | ||
| 245 | _aAdvanced educational psychology. Ed.2 | ||
| 250 | _a | ||
| 260 |
_aND _bPrentice-Hall of India Private Limited _c2004 |
||
| 300 | _axvi,520 | ||
| 650 | _aEducational Psychology | ||
| 690 | _aEducational Psychology | ||
| 906 | _a059165 | ||
| 999 |
_c106406 _d106406 |
||